000 00503nam a22001937a 4500
003 BUBTL
008 160125b xxu||||| |||| 00| 0 eng d
020 _a9780124158931
082 _222
_a621.381TAD
100 _9237
_aTan,Li
245 _aDigital Signal Processing
_bFundamentals and Applications
250 _a2nd
260 _aAmsterdam
_bElsevier
300 _a[xv]876p
_bill
_c24cm
760 _b2nd
856 _k0
_l0
_yDownload
942 _2ddc
_cBK
999 _c5109
_d5109